Представление документа в формате RUSMARC

ПолеНазваниеЗначение
  Тип записи a
  Библиографический уровень m
001 Контрольный номер 5398f91bc006421da0ef4b0bca14c464
005 Дата корректировки 20260618110422.6
010 Индекс ISBN __
a ISBN 978-5-907224-75-9
b Уточнения в пер.
100 Данные общей обработки __
a Данные общей обработки 20220601d2021 d y0rusy028902 ca
101 Язык документа 0_
a Язык текста rus
102 Страна публикации __
a Страна публикации RU
105 Кодированные данные (монография) __
a Кодированные данные (монография) y z 000ay
181 Поле кодированных данных: вид содержания _0
a Код вида содержания (ISBD) i
182 Поле кодированных данных: тип средства _0
a Код типа средства (ISBD) n
200 Заглавие и сведения об ответственности 1_
a Заглавие Поллианна
e Сведения, относящиеся к заглавию [повесть : в 3 книгах]
f Первые сведения об ответственности Элинор Портер
203 Вид содержания и тип средства __
a Вид содержания Текст
c Тип средства непосредственный
210 Выходные данные 1_
a Место издания Москва
c Издательство Чинар
d Дата издания 2021
215 Физическое описание __
d Формат 21 см
225 Серия 2_
a Серия Круг чтения
e Сведения, относящиеся к заглавию серии издание для слабовидящих
330 Аннотация __
a Аннотация Девочка Поллианна вскоре после смерти отца, переезжает к единственной родственнице тете Полли, которая принимает свою племянницу из чувства долга. Так начинается история, изменившая жизнь целого города. Книга, полюбившаяся миллионам людей по всему миру, учит нас видеть хорошее даже в самом плохом.
333 Примечание о целевом назначении __
a Примечание о целевом назначении 6+. Для детей старше шести лет
606 Тематические рубрики __
a Основная рубрика Художественная литература
2 Код системы nlr_sh
606 Тематические рубрики __
2 Код системы nlr_sh
a Основная рубрика Литература Америки (произведения)
y Географическая подрубрика Соединенные Штаты Америки
y Географическая подрубрика США
610 Ключевые слова 0_
a Ключевые слова детская литература
610 Ключевые слова 0_
a Ключевые слова романы
610 Ключевые слова 0_
a Ключевые слова американская литература
610 Ключевые слова 0_
a Ключевые слова тема семьи
610 Ключевые слова 0_
a Ключевые слова семья
610 Ключевые слова 0_
a Ключевые слова тема оптимизма
610 Ключевые слова 0_
a Ключевые слова оптимизм
610 Ключевые слова 0_
a Ключевые слова тема отношений
610 Ключевые слова 0_
a Ключевые слова отношения
610 Ключевые слова 0_
a Ключевые слова тема сиротства
610 Ключевые слова 0_
a Ключевые слова тема сирот
610 Ключевые слова 0_
a Ключевые слова сироты
610 Ключевые слова 0_
a Ключевые слова сиротство
610 Ключевые слова 0_
a Ключевые слова экранизированные книги
610 Ключевые слова 0_
a Ключевые слова экранизации
610 Ключевые слова 0_
a Ключевые слова чтение для слабовидящих
610 Ключевые слова 0_
a Ключевые слова книги для незрячих
686 Индексы других классификаций __
a Классификационный индекс ст84(7Сое)-4я0
2 Код системы rubbks
700 Автор _1
a Фамилия Портер
b Имя Э.
f Даты 1868-1920
g Полное личное имя Элинор
4 Код отношения 070
801 Источник записи _2
a Страна RU
b Организация Муниципальное бюджетное учреждение культуры "Централизованная библиотечная система" г. Сургут (Центральная городская библиотека им. А. С. Пушкина)
c Дата составления 20220601
g Правила каталогизации PSBO
852 Данные о местонахождении __
i Авторский знак П 60
j Шифр хранения ст84(7Сое)-4я0
901 Тип документа __
a Ответственный ООФиК/Волкова
t Тип документа v
903 Характеристики (МАРС) __
a Дата передачи 20220601
c Наименование библиотеки (МАРС) Муниципальное бюджетное учреждение культуры "Централизованная библиотечная система" г. Сургут (Центральная городская библиотека им. А. С. Пушкина)